Common touch (Record no. 80112)
[ view plain ]
| 000 -LEADER | |
|---|---|
| fixed length control field | 00992cab a22001935a 4500 |
| 001 - CONTROL NUMBER | |
| control field | L143252 |
| 008 - FIXED-LENGTH DATA ELEMENTS--GENERAL INFORMATION | |
| fixed length control field | 080421e20080404xxk f 000 0 eng d |
| 035 ## - SYSTEM CONTROL NUMBER | |
| System control number | (Sirsi) u143252 |
| 041 0# - LANGUAGE CODE | |
| Language code of text/sound track or separate title | eng |
| 100 1# - MAIN ENTRY--PERSONAL NAME | |
| Personal name | Klaushofer, Alex |
| 245 00 - TITLE STATEMENT | |
| Title | Common touch |
| 260 ## - PUBLICATION, DISTRIBUTION, ETC. | |
| Date of publication, distribution, etc. | 2008 |
| 490 ## - SERIES STATEMENT | |
| Series statement | Inside Housing |
| Volume/sequential designation | 4 April 2008, 22-23(2) |
| 520 ## - SUMMARY, ETC. | |
| Summary, etc. | Describes the first New Forest housing developments to be sanctioned in 50 years. The Forestry Commission has sanctioned these in an attempt to preserve the practice of commoning. Describes this way of life, which pre-dates the creation of the New Forest in 1079. Discusses its importance to the Forest, which includes the right to graze semi-wild animals on the heathlands. Covers mechanics of the Commoners' Housing Scheme, which was established in 1992 and is now administered by the National Park Authority. |
| 590 ## - LOCAL NOTE (RLIN) | |
| Local note | KA |
| 651 #4 - SUBJECT ADDED ENTRY--GEOGRAPHIC NAME | |
| Geographic name | England |
| Chronological subdivision | 886- |
| 690 ## - LOCAL SUBJECT ADDED ENTRY--TOPICAL TERM (OCLC, RLIN) | |
| Topical term or geographic name as entry element | PROPERTY-RESIDENTIAL PROPERTY-RESIDENTIAL PROPERTY DEVELOPMENT |
| 942 ## - ADDED ENTRY ELEMENTS (KOHA) | |
| Suppress in OPAC | 0 |
| Withdrawn status | Lost status | Source of classification or shelving scheme | Damaged status | Not for loan | Home library | Current library | Shelving location | Date acquired | Total Checkouts | Full call number | Barcode | Date last seen | Copy number | Price effective from | Koha item type |
|---|---|---|---|---|---|---|---|---|---|---|---|---|---|---|---|
| Dewey Decimal Classification | London | London | Journal article | 21/04/2008 | L143252 | 143252-1001 | 06/08/2019 | 1 | 06/08/2019 | Journal article |